| 000 | 01329nas a2200277Ia 4500 | ||
|---|---|---|---|
| 001 | R262-R6152 | ||
| 003 | IT-CnALBA | ||
| 008 | 170116c99999999xx |||||||||||| ||und|| | ||
| 040 |
_aIT-CnALBA _cIT-CnALBA |
||
| 041 | _aITALIANO | ||
| 100 | _aCAVEDO ROMEO | ||
| 210 | _aSETTIMANA DEL CLERO | ||
| 222 | _aSETTIMANA DEL CLERO | ||
| 245 | 0 | _aSETTIMANA DEL CLERO. SUPPLEMENTO AL Num. 15, APRILE 1976. I MINISTERI NELLA CHIESA ALLA LUCE DEL NUOVO TESTAMENTO. | |
| 250 | _a1a ed. | ||
| 260 |
_a BOLOGNA - NAPOLI _bDEHONIANE EDIZIONI _c1976 [1° Ed.:1976 - Ed.Ling.Originale: 1976] |
||
| 300 | _a32 p. | ||
| 310 | _aVARIA | ||
| 362 | _a (1976) | ||
| 500 | _aALCUNI TESTI DI ATTI. IMPORTANTI TESTI PAOLINI. SINTESI E PROBLEMI. OMELIA SECONDA DOMENICA DI PASQUA. ELEZIONE DI MATTIA. I SETTE DIACONI. MISSIONARI SPONTANEI. IL DONO DELLO SPIRITO. BARNABA ISTRUTTORE. CONCILIO DI GERUSALEMME. | ||
| 501 | _aSocietà San Paolo EM - Piazza San Paolo, 14 - 12051 ALBA (CN) (non commercial uses only) ® Copyright 2017 | ||
| 520 | _aALCUNI TESTI DI ATTI. IMPORTANTI TESTI PAOLINI. SINTESI E PROBLEMI. OMELIA SECONDA DOMENICA DI PASQUA. ELEZIONE DI MATTIA. I SETTE DIACONI. MISSIONARI SPONTANEI. IL DONO DELLO SPIRITO. BARNABA ISTRUTTORE. CONCILIO DI GERUSALEMME. | ||
| 650 | _aECCLESIOLOGIA | ||
| 942 | _cCR | ||
| 957 | _71 | ||
| 999 |
_a57719 _bNO _g1 _c324746 _d324746 |
||